Statistiques concernant Dates marquantes de la vie politique française (IV)

Cliquez ici pour prendre le quiz!

Statistiques générales

  • Ce quiz a été pris 37 fois
  • Le résultat moyen est 6 sur 15

Statistiques - réponses

Evénement(s)Date(s)% Correct
Philippe Pétain est nommé à la tête du pays par Albert Lebrun1940
85%
Suffrage universel masculin1848
71%
Début des travaux du Baron Haussmann1853
59%
Loi sur l'enseignement primaire obligatoire de Jules Ferry1882
56%
La France sort de l'OTAN1966
53%
Création de la CECA (Communauté européenne du charbon et de l'acier)1952
44%
Explosion de l'usine AZF de Toulouse2001
44%
Jules Grévy devient Président de la République française (IIIème République)1879
41%
Création de la SFIO1905
41%
"La liberté guidant le peuple" - tableau d'Eugène Delacroix1830
32%
Paul Deschanel devient Président de la République française (IIIème République)1920
32%
Affaire Stavisky (IIIème République)1934
29%
Attentat de l'Observatoire (faux attentat créer par François Mitterrand contre lui-même)1959
24%
Visite de Khrouchtchev à Marseille1960
24%
Le Toast d'Alger par le Cardinal Lavigerie1890
9%

Distribution des résultats

Percentile par nombre de réponses

% des personnes avec chaque résultat

Votre développement - résultats

Vous n’avez pas pris ce quiz